The transfer property act,1882 : Bare act (Record no. 166958)
[ view plain ]
| 000 -LEADER | |
|---|---|
| fixed length control field | 00395nam a2200145Ia 4500 |
| 008 - FIXED-LENGTH DATA ELEMENTS--GENERAL INFORMATION | |
| fixed length control field | 231217s9999 xx 000 0 und d |
| 041 ## - LANGUAGE CODE | |
| Language code of text/sound track or separate title | English |
| 082 ## - DEWEY DECIMAL CLASSIFICATION NUMBER | |
| Classification number | 348.02 LAW `R' |
| 100 ## - MAIN ENTRY--PERSONAL NAME | |
| Personal name | Law Publishers, (India) |
| 245 #4 - TITLE STATEMENT | |
| Title | The transfer property act,1882 : Bare act |
| 260 ## - PUBLICATION, DISTRIBUTION, ETC. | |
| Date of publication, distribution, etc. | 2000 |
| Name of publisher, distributor, etc. | Law Publ. |
| 300 ## - PHYSICAL DESCRIPTION | |
| Extent | viii+71 |
| 650 ## - SUBJECT ADDED ENTRY--TOPICAL TERM | |
| Topical term or geographic name entry element | Transfer property act 1882 Property act |
| 942 ## - ADDED ENTRY ELEMENTS (KOHA) | |
| Koha item type | Books |
| Date last seen | Total checkouts | Full call number | Accession number | Cost, total (INR) price | Price effective from | Category | Lost status | Damaged status | Department | Withdrawn status | Home library | Current library | Shelving location | Entry date | Vendor | Cost, normal purchase price | Grants | Billnumber | Billdate | Currency symbol | Conversion rate | Discount | Old discount |
|---|---|---|---|---|---|---|---|---|---|---|---|---|---|---|---|---|---|---|---|---|---|---|---|
| 26/01/2024 | 348.02 LAW `R' | 15068 | 38.25 | 26/01/2024 | Books | Central Library | Central Library | Central Library | Central Library | 17/04/2000 | Supreeth | 45.00 | MBA | 1811 | 21/01/2003 | RS | 1 | 6.75 | 15 | ||||
| 26/01/2024 | 348.02 LAW;1 `R1' | 15069 | 38.25 | 26/01/2024 | Books | Central Library | Central Library | Central Library | 17/04/2000 | Supreeth | 45.00 | MBA | 1811 | 21/01/2003 | RS | 1 | 6.75 | 15 | |||||
| 26/01/2024 | 348.02 LAW;2 | 15070 | 38.25 | 26/01/2024 | Books | Central Library | Central Library | Central Library | 17/04/2000 | Supreeth | 45.00 | MBA | 1811 | 21/01/2003 | RS | 1 | 6.75 | 15 |
